000 00217nam a2200085Ia 4500
008 120527s9999 xx 000 0 und d
100 _aMcEARCHERN & LUNN
245 _aEconomics : A Contemporary introduction
942 _cBK
999 _c26783
_d26783